| 000 | 00463nam a2200181Ia 4500 | ||
|---|---|---|---|
| 008 | 180921t2007 xxu||||| |||| 00| 0 sin d | ||
| 041 | _asin | ||
| 080 |
_a61(1-82) _bPRE |
||
| 100 | _aPremarathna,S.M. | ||
| 245 | _aහෙළ වෙද පුරාණය | ||
| 246 | _aHela Veda Puranaya | ||
| 260 |
_bInoka _aAnuradhapura _c2007 |
||
| 300 | _a162p., 19 cm | ||
| 650 | _aAyurveda | ||
| 942 | _cBK | ||
| 999 |
_c15805 _d15805 |
||
| 003 | LK-CoDNM | ||
| 040 |
_aLK-CoDNM _dLK-CoDNM _eLK-CoDNM |
||